00706 2200229 4500001002100000005001700021008004100038035002400079041000800103043002100111082001400132090002500146110005400171245007100225260006500296300002600361650003400387850001200421999001500433999001500448999001300463YOGYA-0209000004247620090227025854.0 ind  0010-020900000042476 aInd aYOPDYOG [TRM 29] a349.59823 aYOG 349.59823bYog L aYOGYAKARTA (Daerah istimewa)[Peraturan-peraturan] aLembaran & tambahan lembaran Daerah istimewa Jogjakarta tahun 1965 aJogjakartabKantor Perundang-undangan dan Tata Hukumc[1965] a[74] hlmbilusc22 cm aPeraturan Daerah - Yogyakarta aYOPDYOG a07A0024414 a07A0024415 a07A24416